000 00284nam a2200121Ia 4500
008 140130s9999 xx 000 0 und d
245 _cBill Walace
_aA Dog Called kitty
260 _bScholastic,
_c1980
440 _v1
521 _aGrade 3 - Grade 5
942 _cBK
999 _c41018
_d41018